| 000 | 00455 a2200169 4500 | ||
|---|---|---|---|
| 999 |
_c317472 _d317472 |
||
| 001 | 82399 | ||
| 003 | NUST | ||
| 005 | 20180119192751.0 | ||
| 008 | 180119b xxu||||| |||| 00| 0 eng d | ||
| 020 | _a9780195477788 | ||
| 082 | _a915.491304 JAH | ||
| 100 |
_aTahir Jahangir _99137 |
||
| 245 |
_aTravel Companion to the Northern Areas of Pakistan _hEnglish |
||
| 250 | _aRevised Edition | ||
| 260 |
_aKarachi _bOxford University Press _c2010 |
||
| 300 | _aix 213p. | ||
| 500 | _aGeneral Books | ||
| 505 | _aAHQ Books | ||
| 942 |
_acaenust _cBK _k915.491304 JAH _2ddc |
||